Normal view
MARC view
Entry Personal Name
001 - CONTROL NUMBER
- control field: 7297
003 - CONTROL NUMBER IDENTIFIER
- control field: BD-RjUL
005 - DATE AND TIME OF LATEST TRANSACTION
- control field: 20230409113719.0
008 - FIXED-LENGTH DATA ELEMENTS
- fixed length control field: 230409|| aca||aabn | a|a d
040 ## - CATALOGING SOURCE
- Original cataloging agency: BD-RjUL
- Transcribing agency: BD-RjUL
100 ## - HEADING--PERSONAL NAME
- Personal name: ذاكر٫ محمد //Zakir, Muhammad
670 ## - SOURCE DATA FOUND
- Source citation: Work cat.: (BD-RjUL)81333: ذاكر٫ محمد //Zakir, Muhammad, ازادي هندستان كا اردو ادب ١٩٦٢-١٩٤٧ // Azadi Hindustan ka Urdu literature 1962-1947 /, 1981